[Event "ESP-ch U16 rapid"]
[Site "Salobrena"]
[Date "2023.07.30"]
[Round "8"]
[White "Fernandez Rosado, Roberto"]
[Black "Pinyol I Llora, Julia"]
[Result "1-0"]
[WhiteElo "2096"]
[BlackElo "1727"]
[PlyCount "77"]
[EventDate "2023.07.29"]
[EventType "swiss (rapid)"]
[EventRounds "9"]
[EventCountry "ESP"]
[SourceTitle "EXT 2024"]
[Source "ChessBase"]
[SourceDate "2023.10.10"]
[SourceVersion "1"]
[SourceVersionDate "2023.10.10"]
[SourceQuality "1"]

1. e4 c5 2. Nf3 e6 3. d4 cxd4 4. Nxd4 a6 5. c4 Nf6 6. Nc3 Qc7 7. Bd3 Bb4 8. 0-0 0-0 9. Bg5 Bxc3 10. bxc3 Nc6 11. Bxf6 gxf6 12. Kh1 Ne5 13. f4 Nxd3 14. Qxd3 Kh8 15. Qh3 Rg8 16. Qh4 Qd8 17. Rf3 Rg6 18. f5 Rg5 19. fxe6 dxe6 20. Raf1 e5 21. Rxf6 Rg6 22. Qh5 Bg4 23. Qxe5 Kg8 24. Rxf7 Qe8 25. Qd5 Kh8 26. h3 Bxh3 27. gxh3 Qc8 28. Qd7 Qxd7 29. Rxd7 Rag8 30. Rxb7 Rg3 31. Rf2 Rxh3+ 32. Rh2 Rxh2+ 33. Kxh2 Rf8 34. c5 Rf2+ 35. Kg3 Rxa2 36. c6 Ra3 37. Nb3 h5 38. c7 a5 39. c8Q# 1-0

[Event "ESP-ch U16 Rapid"]
[Site "Salobrena"]
[Date "2022.07.31"]
[Round "7"]
[White "Fernandez Rosado, Roberto"]
[Black "Martin Sanchez, Javier"]
[Result "1-0"]
[WhiteElo "1866"]
[BlackElo "1595"]
[PlyCount "49"]
[EventDate "2022.07.30"]
[EventType "swiss (rapid)"]
[EventRounds "9"]
[EventCountry "ESP"]
[SourceTitle "EXT 2023"]
[Source "ChessBase"]
[SourceDate "2022.10.05"]
[SourceVersion "1"]
[SourceVersionDate "2022.10.05"]
[SourceQuality "1"]

1. e4 c5 2. Nf3 Nc6 3. d4 cxd4 4. Nxd4 e5 5. Nb5 a6 6. N5c3 Bb4 7. a3 Bc5 8. Bc4 Nge7 9. 0-0 h6 10. Nd5 0-0 11. Nbc3 b5 12. Ba2 d6 13. Kh1 Ng6 14. f4 exf4 15. Nxf4 Nxf4 16. Bxf4 Kh8 17. Qh5 Qf6 18. Bg3 Qe7 19. Bxf7 Be6 20. Bg6 Nd4 21. e5 Rxf1+ 22. Rxf1 Rf8 23. Rd1 dxe5 24. Bxe5 Nc6 25. Qxh6+ 1-0

[Event "ESP-ch U16 Rapid"]
[Site "Salobrena"]
[Date "2022.07.31"]
[Round "6"]
[White "Morales Carmona, Jose Manuel"]
[Black "Fernandez Rosado, Roberto"]
[Result "0-1"]
[WhiteElo "1566"]
[BlackElo "1866"]
[PlyCount "32"]
[EventDate "2022.07.30"]
[EventType "swiss (rapid)"]
[EventRounds "9"]
[EventCountry "ESP"]
[SourceTitle "EXT 2023"]
[Source "ChessBase"]
[SourceDate "2022.10.05"]
[SourceVersion "1"]
[SourceVersionDate "2022.10.05"]
[SourceQuality "1"]

1. e4 e5 2. d3 Nc6 3. f4 d5 4. exd5 Qxd5 5. Nf3 Be6 6. Be2 exf4 7. Bxf4 0-0-0 8. Nc3 Bb4 9. Qd2 Qc5 10. Be3 Qa5 11. 0-0 Nf6 12. Ng5 Nd5 13. Nxe6 fxe6 14. a3 Nxe3 15. Qxe3 Bc5 16. d4 Bxd4 0-1

[Event "Madrid-ch Final"]
[Site "Madrid"]
[Date "2021.05.27"]
[Round "6"]
[White "Fernandez Rosado, Roberto"]
[Black "Rey Martinez, Jaime"]
[Result "1-0"]
[WhiteElo "2029"]
[BlackElo "1992"]
[PlyCount "75"]
[EventDate "2021.05.22"]
[EventType "swiss"]
[EventRounds "7"]
[EventCountry "ESP"]
[SourceTitle "CBM 203 Extra"]
[Source "ChessBase"]
[SourceDate "2021.09.30"]
[SourceVersion "1"]
[SourceVersionDate "2021.09.30"]
[SourceQuality "1"]

1. e4 c5 2. Nc3 Nc6 3. Nf3 e6 4. d4 cxd4 5. Nxd4 Nf6 6. Ndb5 Bc5 7. Nd6+ Ke7 8. Nxc8+ Rxc8 9. Bd3 d5 10. 0-0 Ne5 11. Bf4 Ng6 12. Bg5 d4 13. Ne2 Qc7 14. h3 h6 15. Bd2 Rhd8 16. f4 e5 17. f5 Nf8 18. Ng3 Qb6 19. b4 Bd6 20. Qe1 Rd7 21. a4 a5 22. bxa5 Qa7 23. Kh2 Rdc7 24. Rb1 N8d7 25. Rb5 Nc5 26. Bb4 Nxd3 27. cxd3 Rc3 28. Rxe5+ Kd7 29. Bxd6 Kxd6 30. Rb5 Nd7 31. e5+ Kc7 32. e6 Re8 33. Qe4 Rc6 34. Qf4+ Kc8 35. exd7+ Kxd7 36. Rfb1 Rc7 37. Ne4 f6 38. Rd5+ 1-0

[Event "Madrid-ch Final"]
[Site "Madrid"]
[Date "2021.05.24"]
[Round "3"]
[White "Martinez Fernandez, Raul"]
[Black "Fernandez Rosado, Roberto"]
[Result "1-0"]
[WhiteElo "2141"]
[BlackElo "2029"]
[PlyCount "55"]
[EventDate "2021.05.22"]
[EventType "swiss"]
[EventRounds "7"]
[EventCountry "ESP"]
[SourceTitle "CBM 203 Extra"]
[Source "ChessBase"]
[SourceDate "2021.09.30"]
[SourceVersion "1"]
[SourceVersionDate "2021.09.30"]
[SourceQuality "1"]

1. e4 e5 2. Nf3 Nc6 3. d4 exd4 4. Nxd4 Bc5 5. Be3 Qf6 6. c3 Nge7 7. g3 d6 8. Bg2 Nxd4 9. cxd4 Bb4+ 10. Nc3 Bxc3+ 11. bxc3 Qg6 12. 0-0 0-0 13. f4 f5 14. e5 d5 15. Qb3 c6 16. Rfc1 Kh8 17. Rc2 b6 18. Bc1 Re8 19. Ba3 Qf7 20. Qa4 Bd7 21. Re1 Qe6 22. Bxe7 Rxe7 23. c4 Be8 24. cxd5 cxd5 25. Qb3 Bf7 26. Rec1 Ree8 27. Rc6 Rec8 28. Qxd5 1-0

[Event "Madrid-ch sf"]
[Site "Madrid"]
[Date "2021.05.12"]
[Round "8"]
[White "Fernandez Rosado, Roberto"]
[Black "Centeno Mendoza, Julio Stefano"]
[Result "1-0"]
[WhiteElo "2029"]
[BlackElo "2012"]
[PlyCount "143"]
[EventDate "2021.05.05"]
[EventType "swiss"]
[EventRounds "9"]
[EventCountry "ESP"]
[SourceTitle "EXT 2022"]
[Source "ChessBase"]
[SourceDate "2021.10.06"]
[SourceVersion "1"]
[SourceVersionDate "2021.10.06"]
[SourceQuality "1"]

1. e4 Nf6 2. e5 Nd5 3. d4 d6 4. Nf3 Nc6 5. Be2 Bg4 6. exd6 exd6 7. c4 Nb6 8. Nc3 Be7 9. b3 Bf6 10. Be3 0-0 11. h3 Bf5 12. Qd2 Re8 13. 0-0 h6 14. Rac1 d5 15. c5 Nc8 16. Rfe1 N8e7 17. Nh2 Bg6 18. Ng4 Bg5 19. Bxg5 hxg5 20. Bb5 f6 21. f4 gxf4 22. Qxf4 a6 23. Bf1 Qd7 24. Ne3 Kf8 25. g4 Be4 26. Rcd1 Rad8 27. Nxe4 dxe4 28. d5 Ne5 29. Qxe4 N7g6 30. Bg2 Nh4 31. Qf4 Neg6 32. Qf2 Nxg2 33. Nxg2 Ne5 34. Nf4 Kg8 35. Ne6 Rxe6 36. dxe6 Qxd1 37. Rxd1 Rxd1+ 38. Kg2 Kf8 39. c6 Nxc6 40. Qc5+ Rd6 41. g5 fxg5 42. Qf5+ Kg8 43. Qf7+ Kh7 44. e7 Rd2+ 45. Kf1 Nxe7 46. Qxe7 Rxa2 47. Qxc7 b5 48. Qe5 Kh6 49. b4 Ra4 50. Ke2 a5 51. Qxb5 Rxb4 52. Qxa5 Rf4 53. Qe5 Rf6 54. Qe8 Rf4 55. Ke3 Rf6 56. Qh8+ Kg6 57. h4 gxh4 58. Qxh4 Kf7 59. Qh5+ Kg8 60. Ke4 Kf8 61. Qd5 Ke7 62. Qg8 g6 63. Qh7+ Kd6 64. Qh2+ Ke7 65. Qc7+ Kf8 66. Qh7 Ra6 67. Kf4 Ke8 68. Qb7 Rd6 69. Ke5 Rd7 70. Qc6 Ke7 71. Qf6+ Ke8 72. Ke6 1-0

[Event "Madrid-chT 2021"]
[Site "Madrid"]
[Date "2021.03.07"]
[Round "3.5"]
[White "Zhou, Lulu"]
[Black "Fernandez Rosado, Roberto"]
[Result "0-1"]
[WhiteElo "2087"]
[BlackElo "2081"]
[PlyCount "106"]
[EventDate "2021.01.23"]
[EventType "team-tourn"]
[EventRounds "14"]
[EventCountry "ESP"]
[SourceTitle "EXT 2022"]
[Source "ChessBase"]
[SourceDate "2021.10.06"]
[SourceVersion "1"]
[SourceVersionDate "2021.10.06"]
[SourceQuality "1"]
[WhiteTeam "Collado Villalba"]
[BlackTeam "Capablanca"]
[WhiteTeamCountry "ESP"]
[BlackTeamCountry "ESP"]

1. e4 e5 2. Nf3 Nc6 3. Bb5 a6 4. Ba4 Nf6 5. 0-0 b5 6. Bb3 Be7 7. Re1 d6 8. c3 Na5 9. Bc2 c5 10. h3 Nc6 11. d4 0-0 12. d5 Nb8 13. a4 Bb7 14. Qe2 Qb6 15. Na3 Nbd7 16. Be3 bxa4 17. Nc4 Qc7 18. Rxa4 Ne8 19. Na5 Nb6 20. Ra3 f5 21. Nxb7 fxe4 22. Bxe4 Qxb7 23. c4 g6 24. Bb1 Ng7 25. h4 Nh5 26. Rb3 Rab8 27. Bg5 Qd7 28. Bxe7 Qxe7 29. Ng5 Nf4 30. Qe4 Qd7 31. Rg3 Rf6 32. h5 Nxh5 33. Rh3 Rf4 34. Qe2 Qg4 35. Qxg4 Rxg4 36. Ne4 Kg7 37. g3 Nxc4 38. f3 Rxe4 39. fxe4 Rxb2 40. Bd3 Nd2 41. g4 Nf4 42. Rhe3 Nb3 43. Bxa6 Nd4 44. Rf1 Rg2+ 45. Kh1 Rxg4 46. Bc8 Rh4+ 47. Kg1 Nde2+ 48. Kf2 Rh2+ 49. Ke1 Nd4 50. Kd1 Ra2 51. Ree1 Nb3 52. Re3 Rd2+ 53. Ke1 Ng2# 0-1

[Event "Madrid-ch Previa-B"]
[Site "Madrid"]
[Date "2021.02.06"]
[Round "3"]
[White "Neagu, Roberto Florin"]
[Black "Fernandez Rosado, Roberto"]
[Result "0-1"]
[WhiteElo "1844"]
[BlackElo "2081"]
[PlyCount "86"]
[EventDate "2021.02.04"]
[EventType "swiss"]
[EventRounds "9"]
[EventCountry "ESP"]
[SourceTitle "EXT 2022"]
[Source "ChessBase"]
[SourceDate "2021.10.06"]
[SourceVersion "1"]
[SourceVersionDate "2021.10.06"]
[SourceQuality "1"]

1. c4 c5 2. Nc3 Nc6 3. Nf3 g6 4. d4 cxd4 5. Nxd4 Bg7 6. e3 Nf6 7. Be2 0-0 8. Bf3 Ne5 9. Be2 d6 10. 0-0 Bd7 11. Rb1 Rc8 12. b3 Nc6 13. Bb2 Nxd4 14. exd4 d5 15. c5 Re8 16. b4 Bf5 17. Rc1 Ne4 18. f3 Nxc3 19. Bxc3 h5 20. f4 Be4 21. Bb5 Rf8 22. Bd3 e6 23. Qe2 f5 24. Rcd1 Kf7 25. g3 h4 26. Bxe4 dxe4 27. g4 h3 28. d5 exd5 29. Bxg7 Kxg7 30. Qb2+ Kg8 31. Qb3 Qh4 32. Qxd5+ Rf7 33. Kh1 Qxg4 34. Rf2 e3 35. Rb2 Qxf4 36. Rg1 Kg7 37. Rbb1 Qe4+ 38. Qxe4 fxe4 39. Rge1 Rf3 40. Rb3 Rd8 41. b5 e2 42. Rbb1 Rf2 43. Rbc1 Rdf8 0-1

[Event "Madrid-ch Previa-B"]
[Site "Madrid"]
[Date "2021.02.04"]
[Round "1"]
[White "Suarez Arellano, Jorge"]
[Black "Fernandez Rosado, Roberto"]
[Result "0-1"]
[WhiteElo "1568"]
[BlackElo "2081"]
[PlyCount "52"]
[EventDate "2021.02.04"]
[EventType "swiss"]
[EventRounds "9"]
[EventCountry "ESP"]
[SourceTitle "EXT 2022"]
[Source "ChessBase"]
[SourceDate "2021.10.06"]
[SourceVersion "1"]
[SourceVersionDate "2021.10.06"]
[SourceQuality "1"]

1. e4 e5 2. Nf3 Nc6 3. Bc4 Nf6 4. 0-0 Be7 5. d4 d6 6. dxe5 Nxe5 7. Nxe5 dxe5 8. Nc3 c6 9. a4 Qc7 10. h3 0-0 11. f4 exf4 12. Bxf4 Qb6+ 13. Kh1 Be6 14. Bxe6 fxe6 15. e5 Nd5 16. Nxd5 cxd5 17. Qg4 Kh8 18. Ra3 Bxa3 19. bxa3 Rf5 20. Rf3 Raf8 21. Rg3 g6 22. Rb3 Rxf4 23. Qg5 Rf1+ 24. Kh2 Qg1+ 25. Kg3 Qf2+ 26. Kh2 Qf4+ 0-1

[Event "Madrid Chamartin op 8th"]
[Site "Madrid"]
[Date "2019.09.09"]
[Round "1"]
[White "Garcia Dorado, Alberto"]
[Black "Fernandez Rosado, Roberto"]
[Result "0-1"]
[WhiteElo "2215"]
[BlackElo "1660"]
[PlyCount "102"]
[EventDate "2019.09.09"]
[EventType "swiss"]
[EventRounds "9"]
[EventCountry "ESP"]
[SourceTitle "CBM 192 Extra"]
[Source "Chessbase"]
[SourceDate "2019.11.06"]
[SourceVersion "1"]
[SourceVersionDate "2019.11.06"]
[SourceQuality "1"]

1. d4 d5 2. c4 c6 3. Nf3 Nf6 4. Nbd2 Bf5 5. g3 e6 6. Bg2 Be7 7. 0-0 0-0 8. Nh4 Bg6 9. Nxg6 hxg6 10. b3 Nbd7 11. Bb2 a5 12. a3 Rc8 13. e4 dxe4 14. Nxe4 Nxe4 15. Bxe4 Nf6 16. Bg2 b5 17. Qe2 Qd7 18. Rfd1 Rfe8 19. Bc3 Qa7 20. Bf1 Qb6 21. Qe1 Ra8 22. Rdb1 Nd7 23. a4 b4 24. Bb2 Bf6 25. Rd1 Qc7 26. Bg2 Rad8 27. Qd2 e5 28. d5 cxd5 29. cxd5 Nb6 30. Rac1 Qb8 31. Rc5 Qa7 32. Rb5 Nc8 33. Qe3 Qa6 34. Rc1 Nd6 35. Rc6 Qa8 36. Rbb6 Nf5 37. Qd2 Rd7 38. Ra6 Qd8 39. Rc5 Bg5 40. Qd3 Qe7 41. Rcxa5 e4 42. Qe2 e3 43. fxe3 Qxe3+ 44. Qxe3 Rxe3 45. g4 Nh4 46. Bf1 Rxb3 47. Ba1 Rb1 48. Kf2 Rxa1 49. Rb6 Ra2+ 50. Kg3 Ra3+ 51. Kf2 Be3+ 0-1

[Event "Madrid-ch U12"]
[Site "Madrid"]
[Date "2019.03.30"]
[Round "2"]
[White "Cuadrado Carmona, Javier"]
[Black "Fernandez Rosado, Roberto"]
[Result "0-1"]
[WhiteElo "1638"]
[BlackElo "1757"]
[PlyCount "104"]
[EventDate "2019.03.30"]
[EventType "swiss"]
[EventRounds "6"]
[EventCountry "ESP"]
[SourceTitle "EXT 2021"]
[Source "ChessBase"]
[SourceDate "2020.10.23"]
[SourceVersion "1"]
[SourceVersionDate "2020.10.23"]
[SourceQuality "1"]

1. e4 e5 2. Nf3 Nc6 3. Bc4 Nf6 4. Ng5 d5 5. exd5 Na5 6. Bb5+ c6 7. dxc6 bxc6 8. Qf3 Be7 9. Bd3 0-0 10. Nc3 Rb8 11. h3 h6 12. Nge4 Nxe4 13. Nxe4 f5 14. g4 fxe4 15. Qxe4 Rf6 16. Qh7+ Kf7 17. a3 Qd4 18. Rf1 Qf4 19. b4 Nc4 20. g5 hxg5 21. Qh5+ Ke6 22. Qe8 Nd6 23. Qg8+ Kd7 24. Bb2 a5 25. Be2 axb4 26. axb4 Ne4 27. Bc3 Nxc3 28. dxc3 Qe4 29. Rd1+ Rd6 30. Qxg7 Rxd1+ 31. Kxd1 Ra8 32. Bg4+ Kd6 33. Qh6+ Kc7 34. Kd2 Qf4+ 35. Ke2 Ba6+ 36. Ke1 Qc1+ 37. Bd1 Bxf1 38. Qg7 Kd7 39. Qxe5 Qf4 40. Bg4+ Ke8 41. Bh5+ Kd8 42. Qh8+ Bf8 43. Kxf1 Kc7 44. Qh7+ Kb6 45. Bg4 Ra1+ 46. Kg2 Bd6 47. Qd7 Qh2+ 48. Kf3 Qh1+ 49. Ke3 Bf4+ 50. Kd3 Rd1+ 51. Bxd1 Qxd1+ 52. Kc4 Qxd7 0-1

[Event "Madrid Chamartin op 7th"]
[Site "Madrid"]
[Date "2018.09.07"]
[Round "7"]
[White "Tudela Garcia, Antonio"]
[Black "Fernandez Rosado, Roberto"]
[Result "1/2-1/2"]
[WhiteElo "1552"]
[BlackElo "1679"]
[PlyCount "125"]
[EventDate "2018.09.03"]
[EventType "swiss"]
[EventRounds "9"]
[EventCountry "ESP"]
[SourceTitle "CBM 187 Extra"]
[Source "ChessBase"]
[SourceDate "2018.11.04"]
[SourceVersion "1"]
[SourceVersionDate "2018.11.04"]
[SourceQuality "1"]

1. e4 e5 2. Qh5 Nc6 3. Bc4 Qe7 4. c3 Nf6 5. Qe2 d6 6. h3 Bd7 7. d3 h6 8. Nf3 g6 9. Bb3 Bg7 10. Be3 0-0-0 11. Nbd2 g5 12. 0-0-0 Kb8 13. Nh2 Rhf8 14. f3 Nh5 15. Ndf1 f5 16. g4 Nf4 17. Bxf4 exf4 18. Nd2 fxg4 19. hxg4 Rde8 20. d4 a6 21. d5 Ne5 22. a4 Qf6 23. Nc4 Ng6 24. Qc2 Nh4 25. Rhg1 Qg6 26. Qf2 Rh8 27. Bc2 Qf7 28. Na3 Ng6 29. Nc4 Ne5 30. Nxe5 Bxe5 31. Rd2 Reg8 32. Qf1 h5 33. gxh5 Rxh5 34. Ng4 Bxg4 35. Rxg4 Rgh8 36. Qd3 Qe7 37. Rdg2 Bf6 38. Qe2 Rh1+ 39. Bd1 Qe8 40. Rg1 R1h4 41. Qf1 R8h7 42. Qf2 Qh8 43. Qe1 Rxg4 44. Rxg4 Rh4 45. Qe2 Rxg4 46. fxg4 Qh3 47. Qf3 Qg3 48. Kd2 Ka7 49. Be2 Kb6 50. b3 Qxf3 51. Bxf3 Ka5 52. Kd3 Be5 53. Kc2 Kb6 54. Kd3 c5 55. Be2 Ka5 56. Kc2 b5 57. axb5 axb5 58. c4 bxc4 59. bxc4 Kb4 60. Kd3 Kb3 61. Bf3 Bd4 62. Be2 Kb2 63. Bf3 1/2-1/2